000 00722nam a22002417a 4500
001 52177
003 UA-OsUOA
005 20260421114009.0
007 ta
008 20080204b un ||||| |||| 00| 0 ukr d
040 _aUA-OsUOA
_bukr
_cUA-OsUOA
_dUA-OsUOA
041 _aukr
080 _a821.161.2
090 _a821.161.2
_bЯ64
100 _aЯновський Ю.
_925018
245 _aЧотири шаблі
_bроман
_nч. 2
_cЮ. Яновський
260 _aВінніпег
_c1952
300 _a105 с.
650 7 _a82 Література. Літературознавство
_2UDC
_915
942 _cBK
_2udc
955 _a3
999 _c338189
_d338189